000 00372nam a2200145 i 4500
001 bg
100 1 _aZbichorski, Zygmunt.
245 1 0 _aEkonomika i organizacja produkcji w przemyƛle maszynowym /
_cZygmunt Zbichorski.
260 _aWarszawa,
_c1971.
040 _cBPK
041 _apol
080 _a658.1/.5
942 _cKS
008 s pl f |000 0 pol
999 _c7385
_d7385
856 _uhttp://koha.tu.koszalin.pl/cgi-bin/koha/opac-detail.pl?biblionumber=7385
_yKatalog online BPK